000 00989nam a2200313 i 4500
001 bg
100 1 _aBEDNARSKI, Tadeusz
245 1 0 _aElementy matematyki w naukach ekonomicznych :
_bpodręcznik dla studentów ekonomii /
_cTadeusz Bednarski.
260 _aKraków :
_bOficyna Ekonomiczna. Oddział Polskich Wydawnictw Profesjonalnych,
_c2004.
300 _a267 s. :
_bwykr. ;
_c24 cm.
490 1 _a[Seria Akademicka]
504 _aBibliogr. - Indeks.
650 9 _aMatematyka
650 9 _aCiągi
650 9 _aFunkcje
650 9 _aRachunek całkowy
650 9 _aRachunek różniczkowy
650 9 _aStatystyka matematyczna
655 _aPodręczniki akademickie
830 _a[Seria Akademicka]
020 _a8389355116
040 _cBPK
041 0 _apol
080 _a51:330.4](075.8)
920 _a83-89355-11-6
942 _cKS
008 s pl f |000 0 pol
999 _c45151
_d45151
856 _uhttp://koha.tu.koszalin.pl/cgi-bin/koha/opac-detail.pl?biblionumber=45151
_yKatalog online BPK